000 00286nam a22001217a 4500
020 _a013236675
082 _222
_a005.432
100 _aJang, Michael.
245 _aLinux patch management /
260 _aUSA,
_bPrentice Hall,
_cc2006.
300 _axxi, 262 p. ;
_bill. ;
942 _2ddc
_cIT
999 _c4136
_d4136